=LDR 00000nam 2200000 4500 =001 INLIS000000000015469 =005 20130612110740 =008 ***********************************Indo** =035 ##$$0010-061300000015469 =041 ##$$a Indo =082 ##$$a R.160.3 =090 ##$$a R.160.3, The =100 ##$$a The Liang Gie =245 ##$$a Kamus Logika(Dictionari Of Logic), The Liang Gie =260 ##$$a 1980 $b Yogyakarta =300 ##$$a 286 hlm, ilus, 24 cm =650 ##$$a Logika =850 ##$$a NBPNMAT